00702nam a2200241 a 4500001001300000003000900013005001700022008004100039020001000080082001500090100001600105245007600121260004200197300000900239500003500248505001000283650002600293700001600319902000800335942000700343952009500350999001500445nice12345678IN_TiNIC20260116011558.0050524s1938 oxfa grp 000 0 eng  ac10000a232.1bDEW aDewick, E C aIndwelling Godb Historical STUDY of the Christian Conception of Divine aOxfordbOxford University Pressc1938 a305p aincludes index and biblioraphy2 aIndex aJesus Christ-Divinity1 aDewick, E C bSRS cBK 00104070aHMIbHMId2007-06-18g100.00l0o232.1 DEWp1351r2007-06-18w2026-01-16yARB c2718d2718